[Event "Barra de Sao Miguel op"]
[Site "Barra de Sao Miguel"]
[Date "2019.10.13"]
[Round "6"]
[White "De Oliveira, Carlos Morais"]
[Black "Jeremias Mello, Christian"]
[Result "0-1"]
[WhiteElo "1662"]
[BlackElo "1800"]
[PlyCount "83"]
[EventDate "2019.10.10"]
[EventType "swiss"]
[EventRounds "7"]
[EventCountry "BRA"]
[SourceTitle "CBM 192 Extra"]
[Source "Chessbase"]
[SourceDate "2019.11.06"]
[SourceVersion "1"]
[SourceVersionDate "2019.11.06"]
[SourceQuality "1"]

1. d4 d5 2. Bf4 c5 3. Nf3 Nc6 4. e3 Bg4 5. Be2 Bxf3 6. Bxf3 cxd4 7. exd4 h6 8. Nc3 e6 9. 0-0 Nf6 10. Nb5 Rc8 11. Re1 Be7 12. a3 0-0 13. Nc3 Qb6 14. Ne2 Qxb2 15. Qb1 Qxb1 16. Rexb1 b6 17. Bd2 e5 18. dxe5 Nxe5 19. c3 Nxf3+ 20. gxf3 Rfe8 21. Re1 Bd6 22. Nd4 Rxe1+ 23. Bxe1 g6 24. h3 Bc5 25. Nb5 a6 26. Nd4 Bxd4 27. cxd4 Nh5 28. Bd2 g5 29. Ra2 Rc4 30. Kf1 Rxd4 31. Rc2 Kh7 32. Be3 Rd3 33. Bxb6 Nf4 34. Kg1 Rxf3 35. Be3 Rxh3 36. Rc6 a5 37. Rc5 a4 38. Bxf4 gxf4 39. Rxd5 Rxa3 40. Rf5 Kg6 41. Rxf4 Ra1+ 42. Kg2 0-1